00445cam a2200157 a 450000100100000000500170001000800410002704000250006808200170009310000390011024500390014926000300018830000210021865000220023965000260026100000668520200929153956.0740521s1969 sp b 000 0 spa  aDO-SdBNPbspacBNPHU a863.2bS228c1 aSan Pedro, Diego de,d¿1437-1498?10aCarcel de amor /cD. de San Pedro. aBarcelona :bZeus,c1969. a237 p. ;c18 cm. 4aNovela española 4aLiteratura española